000
00334nam a2200145Ia 4500
008
240830s1989 xx 000 0 und d
041
_a
eng
082
_a
0 D.V
100
_a
D.V. BODAS
245
_a
RAS-SHASTRA
260
_b
M.V.GRANTH MANDAL, NAGPUR
_c
1989
650
_a
RASA-SHASTRA
906
_a
N.D.
999
_c
1193018
_d
1193018